Poema del cisne y la princesa (Record no. 41611)
[ view plain ]
| 000 -LEADER | |
|---|---|
| campo de control de longitud fija | 00561nam a2200169 i 4500 |
| 001 - NÚMERO DE CONTROL | |
| campo de control | 41611 |
| 003 - IDENTIFICADOR DE NÚMERO DE CONTROL | |
| campo de control | ES-MaACL |
| 005 - FECHA Y HORA DE LA ÚLTIMA TRANSACCIÓN | |
| campo de control | 20250902063052.0 |
| 007 - CAMPO FIJO DE DESCRIPCIÓN FÍSICA--INFORMACIÓN GENERAL | |
| campo de control de longitud fija | t| |
| 008 - DATOS DE LONGITUD FIJA--INFORMACIÓN GENERAL | |
| campo de control de longitud fija | 030311s1911 sp ||||1| spa d |
| 100 1# - ENTRADA PRINCIPAL--NOMBRE DE PERSONA | |
| Nombre de persona | Castellà, Isabel María del Carmen de Castellví y Gordón, |
| Títulos y otros términos asociados al nombre | Condesa del, |
| Fechas asociadas al nombre | 1865-1949 |
| 9 (RLIN) | 242177 |
| 245 10 - MENCIÓN DEL TÍTULO | |
| Título | Poema del cisne y la princesa |
| Resto del título | : sonetos / |
| Mención de responsabilidad, etc. | Condesa del Castella. |
| 260 ## - PUBLICACIÓN, DISTRIBUCIÓN, ETC. | |
| Lugar de publicación, distribución, etc. | Madrid : |
| Nombre del editor, distribuidor, etc. | [s.n., |
| Fecha de publicación, distribución, etc. | 1911] ( |
| Fabricante | Imp. Artística Espi) |
| 300 ## - DESCRIPCIÓN FÍSICA | |
| Extensión | 126 p. ; |
| Dimensiones | 19 cm. |
| 852 ## - LOCALIZACIÓN | |
| Ubicación | ES-MaACL |
| Número de control de estantería | F-2336 |
| Estatus retirado | Estado de pérdida | Estado de daño | No para préstamo | Biblioteca de origen | Biblioteca actual | Ubicación en estantería | Fecha de adquisición | Fuente de adquisición | Total de préstamos | Signatura topográfica completa | Código de barras | Visto por última vez | Precio de reemplazo | Tipo de ítem Koha |
|---|---|---|---|---|---|---|---|---|---|---|---|---|---|---|
| Biblioteca del Ateneo de Madrid | Biblioteca del Ateneo de Madrid | Depósito 2 | 17/01/2008 | F-2336 | 1043805 | 23/02/2023 | 23/02/2023 | Libro impreso |
